European property bank lending (Record no. 76867)

MARC details
000 -LEADER
fixed length control field 01097cab a2200181 4500
001 - CONTROL NUMBER
control field ##L133213
008 - FIXED-LENGTH DATA ELEMENTS--GENERAL INFORMATION
fixed length control field 060420n2006 000 0 eng u
035 ## - SYSTEM CONTROL NUMBER
System control number (Sirsi) u133213
041 0# - LANGUAGE CODE
Language code of text/sound track or separate title eng
100 1# - MAIN ENTRY--PERSONAL NAME
Personal name Mcintosh, Angus
245 00 - TITLE STATEMENT
Title European property bank lending
Remainder of title the hot sector
260 ## - PUBLICATION, DISTRIBUTION, ETC.
Date of publication, distribution, etc. 2006
490 #0 - SERIES STATEMENT
Series statement Property Forecast
Volume/sequential designation 9(3) March 2006, 4-5(2)
520 ## - SUMMARY, ETC.
Summary, etc. Presents the findings of the annual King Sturge interview survey. The participants consisted of 30 property investors and 30 property bankers, many who are larger players in the European property market. It focused on collecting qualitative data on topics such as the lending market, projected returns, rental growth property investment yields, new areas of interest in the property investment market and property energy certificates. In conclusion, the results indicated that because occupancy levels are rising, lending into the property investment market looks like a safe option in 2006.
590 ## - LOCAL NOTE (RLIN)
Local note IKA250406
690 ## - LOCAL SUBJECT ADDED ENTRY--TOPICAL TERM (OCLC, RLIN)
Topical term or geographic name as entry element PROPERTY-COMMERCIAL PROPERTY-COMMERCIAL PROPERTY FINANCE AND INVESTMENT
942 ## - ADDED ENTRY ELEMENTS (KOHA)
Suppress in OPAC 0
Holdings
Withdrawn status Lost status Source of classification or shelving scheme Damaged status Not for loan Home library Current library Shelving location Date acquired Total Checkouts Full call number Barcode Date last seen Copy number Price effective from Koha item type
    Dewey Decimal Classification     London London Journal article 20/04/2006   L133213 133213-1001 06/08/2019 1 06/08/2019 Journal article